00545 2200217 4500001002100000008004100021035002000062245003500082100001600117260004400133300002600177020002200203084001400225082000800239650002000247990001200267990001200279990001200291990001200303990001200315INLIS000000000015548 ind  a0010-0223000069 aRiang Membaca PaudcAndi Putra aANDI, Putra aJakarta :bElex Media Komputindo,c2019 a88 hal.: ilus.c27 cm a978-623-00-0165-9 a028 AND r a028 aBUKU DAN BACAAN a10661 a a10661 b a10661 c a10661 d a10661 e